000 00479nam a22001457a 4500
999 _c527149
_d527149
020 _qHard Cover.
082 _a658
100 _aFaiz, Uzma
245 _aImpact of economic Downturn on Comparative Performance of Islamic Banks and Conventional Banks of Pakistan /
_cUzma Faiz
300 _a60 p. : ill. ;
_c30cm.
942 _2ddc
_cTHE
690 _918264
700 _aMr. Fazli Azim
_917761